000 01927nam0a2200433 4500
001 RU\NLR\bibl\1432114
005 20260405211609.0
010 _a978-5-9614-1112-6
_93000
021 _aRU
_b2009-70413
_94366
035 _a(nilc)RSL-KNO-004378337
035 _aKML\BIBL\0000012689
035 _a(NLR Aleph) 001424025
090 _a1360658
_c1360658
100 _a20090827d2009 |||y0rusy50 ca
101 1 _arus
_ceng
102 _aRU
105 _ay |||||||||
200 1 _aКлюч к процветанию
_dThe Key to Prosperity
_eперевод с английского
_fОрисон Марден
_zeng
210 _aМосква
_cАльпина Паблишерз
_d2009
215 _a311 с.
_d19
225 1 _aБиблиотека мировых бестселлеров
300 _aАвт. также на англ. яз.: Orison Swett Marden
510 1 _aThe Key to Prosperity
_zeng
606 1 _aУспех
_jПопулярные издания
_xСоциально-психологические исследования
_92074287
_3RU\NLR\auth\661249276
606 1 _aСтратегии жизненные
_jПопулярные издания
_xСоциально-психологические исследования
_92118324
_3RU\NLR\auth\661279459
686 _aЮ949.2,0
_2rubbk
686 _a0016
_aПрактическая психология. Психотерапия
_2TCC-BG
686 _aС550.422.1я9
686 _aС550.47я9
700 1 _4070
_8rus
_7ca
_aМарден
_bО. С.
_f1848-1924
_gОрисон Суэт
_3RU\NLR\auth\7794718
_977644
790 1 _4070
_8eng
_7ba
_aMarden
_bО. S.
_f1848-1924
_gОrison Swett
_3RU\NLR\auth\7794719
_977645
801 0 _aRU
_bРКП
_c20090827
_grcr
801 1 _aRU
_bРГБ
_c20090827
801 2 _aRU
_bНБР Коми
_c20091015
801 2 _aRU
_bNLR
_c20091029
_grcr
830 _aавт. по кн.
942 _cBOOK
980 _aNB